Persimmon Homes (Midlands) Ltd and ors v Secretary of State for Transport (Record no. 113106)

MARC details
000 -LEADER
fixed length control field 01589cad a22002415a 4500
001 - CONTROL NUMBER
control field L154689
008 - FIXED-LENGTH DATA ELEMENTS--GENERAL INFORMATION
fixed length control field 120112e20091222xxk f 000 0 eng d
035 ## - SYSTEM CONTROL NUMBER
System control number (Sirsi) u154689
041 0# - LANGUAGE CODE
Language code of text/sound track or separate title eng
245 00 - TITLE STATEMENT
Title Persimmon Homes (Midlands) Ltd and ors v Secretary of State for Transport
Medium [electronic resource]
260 ## - PUBLICATION, DISTRIBUTION, ETC.
Date of publication, distribution, etc. 2009
520 ## - SUMMARY, ETC.
Summary, etc. [2009] UKUT 126 (LC), 22 December 2009. Concerns the determination of the compensation payable by SoS for Transport for the compulsory acquisition of land at Clapham, Bedfordshire.The parties had agreed that the principal issue was whether planning permission would have been likely to be obtained by the valuation date for residential development of the land in the absence of the bypass scheme. "Held": Issues determined. When determining compensation payable following the compulsory acquisition of land for a bypass where planning permission for a residential development had been sought, the preferred approach was to consider the prospects as at the valuation date of obtaining planning permission on the land, on the assumption that the scheme was cancelled.
590 ## - LOCAL NOTE (RLIN)
Local note KA
650 24 - SUBJECT ADDED ENTRY--TOPICAL TERM
Topical term or geographic name entry element PERSIMMON HOMES (MIDLANDS) LTD AND ORS V SOS FOR TRANSPORT
650 24 - SUBJECT ADDED ENTRY--TOPICAL TERM
Topical term or geographic name entry element URBAN EDGE GROUP LTD V LONDON UNDERGROUND LTD
650 24 - SUBJECT ADDED ENTRY--TOPICAL TERM
Topical term or geographic name entry element LAND COMPENSATION ACT 1961
650 24 - SUBJECT ADDED ENTRY--TOPICAL TERM
Topical term or geographic name entry element HIGHWAYS ACT 1980 S261
651 #4 - SUBJECT ADDED ENTRY--GEOGRAPHIC NAME
Geographic name England and Wales
Chronological subdivision 1543-
690 ## - LOCAL SUBJECT ADDED ENTRY--TOPICAL TERM (OCLC, RLIN)
Topical term or geographic name as entry element Sales
9 (RLIN) 6269
690 ## - LOCAL SUBJECT ADDED ENTRY--TOPICAL TERM (OCLC, RLIN)
Topical term or geographic name as entry element Valuation
9 (RLIN) 6273
856 40 - ELECTRONIC LOCATION AND ACCESS
Uniform Resource Identifier <a href="https://www.bailii.org/uk/cases/UKUT/LC/2009/ACQ_196_2006.html">https://www.bailii.org/uk/cases/UKUT/LC/2009/ACQ_196_2006.html</a>
Public note View the law report free of charge at www.bailii.org
942 ## - ADDED ENTRY ELEMENTS (KOHA)
Suppress in OPAC 0
Holdings
Withdrawn status Lost status Source of classification or shelving scheme Damaged status Not for loan Home library Current library Shelving location Date acquired Total Checkouts Full call number Barcode Date last seen Copy number Price effective from Koha item type
    Dewey Decimal Classification     Virtual Virtual Online 12/01/2012   ONLINE PUBLICATION 154689-2001 06/08/2019 1 06/08/2019 Law report